| 000 | 01167cam a22002894a 4500 | ||
|---|---|---|---|
| 001 | 15110056 | ||
| 005 | 20141203105128.0 | ||
| 008 | 071212t2007 xxuadk frf 001 0 eng d | ||
| 010 | _a2007530826 | ||
| 020 | _a9780470139028 | ||
| 040 |
_aDLC _cDLC _dDLC _dEG-ScBUE |
||
| 082 | 0 | 0 |
_222 _a660.076 _bREY |
| 245 | 0 | 0 |
_aHandbook of chemical and environmental engineering calculations / _c[edited by] Joseph P. Reynolds, John S. Jeris, Louis Theodore. |
| 260 |
_aHoboken, United States : _bWiley-Interscience, _cc.2007. |
||
| 300 |
_axiii, 948 p. : _bcharts, forms, tables ; _c24 cm. |
||
| 500 | _aIndex : p. 942-948. | ||
| 650 | 0 |
_aChemical engineering _vProblems, exercises, etc. _97824 |
|
| 650 | 0 |
_aEnvironmental engineering _vProblems, exercises, etc. _936764 |
|
| 650 | 0 |
_aSanitation _xMathematics _vHandbooks, manuals, etc. _936765 |
|
| 650 | 0 |
_aEnvironmental engineering _xMathematics _vHandbooks, manuals, etc. _936766 |
|
| 653 |
_bENGGEN _cDecember2014 |
||
| 655 |
_vreading book _934232 |
||
| 700 | 1 |
_aJeris, John S. _936767 _eeditor. |
|
| 700 | 1 |
_aTheodore, Louis _936768 _eeditor. |
|
| 700 | 1 |
_a Reynolds, Joseph P. _936763 _eeditor. |
|
| 942 |
_2ddc _k660.076 REY |
||
| 999 |
_c18707 _d18679 |
||